000 00786nas a2200277 4500
001 BR0808503
003 BR-BrBNA
005 20231205112855.0
007 ta
008 230509b bl.|||p| |||| 00| 00por d
040 _aBR-BrBNA
_bpor
_cBiblioteca Nacional de Agricultura
041 _a(Pt)
072 _aL20
100 1 _aMaciel, M. de N.M.
100 1 _aWatzlanvick, L.F.
100 1 _aSchueninger, E.R.
100 1 _aYamaji, F.M.
245 1 _aClassificação ecológica das espécies arbóreas
650 _aPLANTA
650 _aARBÓREA
650 _aECOLOGIA
650 _aCLASSIFICAÇÃO
773 0 _tRevista Acadêmica (Brazil)
_xISSN 0103-989X
_g(Apr-Jun 2003), v. 1(2) p. 69-78
_wBR0808503
909 _a202311
_bLúcia
_c55
_dLúcia Elande
942 _2AGRIS
_n0
_cANA
999 _c200518
_d200518